000 00485nam a2200169Ia 4500
008 230917s9999||||xx |||||||||||||| ||und||
020 _cGBP38.99
040 _e216446
_aMAIN
041 _aEnglish
082 _a362.256 T194I
100 _aTaupin, Jane Moira
245 0 _aIntroduction to forensic DNA evidence for criminal justice professionals
260 _aBoca Raton
_bCRC
_c2014
300 _axviii, 174 p.
500 _a1549 19/05/2014 49 20/05/2014 Main Budget
942 _cBK
999 _c11417
_d11417